Sai Sandesh : (Record no. 5149)

MARC details
000 -LEADER
fixed length control field 00588 a2200169 4500
010 ## - LCCN (DPL NO)
LC control number ENG-86753
020 ## - INTERNATIONAL STANDARD BOOK NUMBER
Terms of availability 48.00
International Standard Book Number 8172084455
035 ## - SYSTEM CONTROL NUMBER
System control number EN-70286
037 ## - SOURCE OF ACQUISITION
Source of stock number/acquisition DBAD / PUB
082 14 - DEWEY DECIMAL CLASSIFICATION NUMBER
Classification number 230.35
100 ## - MAIN ENTRY--PERSONAL NAME
Personal name Kamaraju, Anil Kumar
245 1# - TITLE STATEMENT
Title Sai Sandesh :
Statement of responsibility, etc by Anil Kumar Kamaraju
Remainder of title Sai's gems for healthy living /
260 ## - PUBLICATION, DISTRIBUTION, ETC. (IMPRINT)
Place of publication, distribution, etc Prasanthi Nilayam
Name of publisher, distributor, etc Sri Sathya Sai Books & Publications Trust
Date of publication, distribution, etc 2006
270 ## - ADDRESS
Address Prasanthi Nilayam P.O.,
City Prasanthi Nilayam
Postal code 515 134
State or province Ananthapur Dist. (A.P.)
300 ## - PHYSICAL DESCRIPTION
Extent xi, 418p
Dimensions 21cm (pbk)
942 ## - ADDED ENTRY ELEMENTS (KOHA)
Institution code [OBSOLETE] dpl
Item type English Books
Source of classification or shelving scheme Dewey Decimal Classification
Classification part 230.35
Call number suffix KAM
Holdings
Withdrawn status Lost status Not for loan Collection code Home library Current library Source of acquisition Cost, normal purchase price Full call number Barcode Copy number Cost, replacement price Koha item type
    Not For Loan Non-fiction D.B.Act.Division D.B.Act.Division DBAD/PUB 48.00 230.35 KAM EN-70286 1 48.00 English Books

© Delhi Public Library
Hit Counter
free hit counter